000 00311nam a22001337a 4500
008 170526b xxu||||| |||| 00| 0 eng d
020 _a3540189025
041 _aeng
080 _a621.3
100 _a25
101 _aIM
245 _aELECTRO-PHOTOGRAPHY AND DEVELOPMENT PHYSICS
_cSCHEIN,L.B
942 _2udc
_cBK
999 _c14421
_d14421